Jargon of authenticity. (Record no. 581586)

MARC details
000 -LEADER
fixed length control field 00722nam a2200229Ia 4500
003 - CONTROL NUMBER IDENTIFIER
control field OSt
005 - DATE AND TIME OF LATEST TRANSACTION
control field 20251001145313.0
008 - FIXED-LENGTH DATA ELEMENTS--GENERAL INFORMATION
fixed length control field 220923b |||||||| |||| 00| 0 eng d
037 ## - SOURCE OF ACQUISITION
Terms of availability Reference
040 ## - CATALOGING SOURCE
Original cataloging agency RTL
Transcribing agency RTL
Language of cataloging eng
041 ## - LANGUAGE CODE
Source of code eng
Language code of text/sound track or separate title eng
084 ## - COLON CLASSIFICATION NUMBER
Classification number R3M3, L3/SC
Assigning agency RTL
100 ## - MAIN ENTRY--PERSONAL NAME
Personal name Adorno Theodor W.
9 (RLIN) 847121
245 #0 - TITLE STATEMENT
Title Jargon of authenticity.
260 ## - PUBLICATION, DISTRIBUTION, ETC.
Place of publication, distribution, etc. London
Name of publisher, distributor, etc. Routledge & Kegan Paul UK
Date of publication, distribution, etc. 1973
300 ## - PHYSICAL DESCRIPTION
Extent xxii, 165 p.
Dimensions cm.
Other physical details Includes bibliographical references and index.
650 ## - SUBJECT ADDED ENTRY--TOPICAL TERM
Topical term or geographic name entry element Metaphysics
9 (RLIN) 13358
700 ## - ADDED ENTRY--PERSONAL NAME
Personal name Tarnowski Knut
Relator term Translator
9 (RLIN) 847122
700 ## - ADDED ENTRY--PERSONAL NAME
Personal name Will Frederic
Relator term Translator
9 (RLIN) 847123
942 ## - ADDED ENTRY ELEMENTS (KOHA)
Classification part R3M3, L3/SC
Koha item type Reference
Source of classification or shelving scheme Colon Classification (CC)
Suppress in OPAC No
Holdings
Withdrawn status Lost status Source of classification or shelving scheme Damaged status Not for loan Home library Current library Date acquired Total Checkouts Full call number Barcode Date last seen Price effective from Koha item type
    Colon Classification (CC)     Ratan Tata Library Ratan Tata Library 2022-09-25   R3M3 L3/SC RT1148829 2022-09-25 2022-09-25 Reference
Copyright @ Delhi University Library System